ਜੀਵਨ ਰਹੱਸ / (Record no. 88955)

MARC details
000 -LEADER
fixed length control field 01060nam a22002657a 4500
005 - DATE AND TIME OF LATEST TRANSACTION
control field 20180209140305.0
008 - FIXED-LENGTH DATA ELEMENTS--GENERAL INFORMATION
fixed length control field 131126b xxu||||| |||| 00| 0pun d
010 ## - LCCN (DPL NO)
LC control number PUN- B-577803-806 B-669883
020 ## - INTERNATIONAL STANDARD BOOK NUMBER
Terms of availability 250.00
International Standard Book Number 9789351132462
035 ## - SYSTEM CONTROL NUMBER
System control number PN- B-577803-806
035 ## - SYSTEM CONTROL NUMBER
System control number B-669883
037 ## - SOURCE OF ACQUISITION
Source of stock number/acquisition DBAD / PUB
037 ## - SOURCE OF ACQUISITION
Source of stock number/acquisition Unistar Books
040 ## - CATALOGING SOURCE
Original cataloging agency dpl
Language of cataloging pn
082 ## - DEWEY DECIMAL CLASSIFICATION NUMBER
Classification number 181.499
100 ## - MAIN ENTRY--PERSONAL NAME
Personal name ਓਸ਼ੋ
245 ## - TITLE STATEMENT
Title ਜੀਵਨ ਰਹੱਸ /
Statement of responsibility, etc ਓਸ਼ੋ
246 ## - VARYING FORM OF TITLE
Title proper/short title Jeewan rahas
Remainder of title by Osho
260 ## - PUBLICATION, DISTRIBUTION, ETC. (IMPRINT)
Place of publication, distribution, etc Chandigarh
Name of publisher, distributor, etc Unistar Books
Date of publication, distribution, etc 2013
270 ## - ADDRESS
City Chandigarh
Address sco-26,27, Sector-34A
Telephone number 0172-5077427
300 4# - PHYSICAL DESCRIPTION
Extent 264p.
Dimensions 22ਸੇਂਮੀ (ਅਜਿਲੱਦ)
942 ## - ADDED ENTRY ELEMENTS (KOHA)
Source of classification or shelving scheme Dewey Decimal Classification
Item type Punjabi Bks
Classification part 181.499
Call number suffix ਓਸ਼ੋਜੀ
Holdings
Withdrawn status Lost status Source of classification or shelving scheme Damaged status Not for loan Collection code Home library Current library Date acquired Source of acquisition Cost, normal purchase price Total Checkouts Full call number Date last seen Copy number Cost, replacement price Koha item type Barcode
    Dewey Decimal Classification     Non-fiction Ashok Vihar Ashok Vihar 21/11/2017 BPPD/PUN/2016-17/932/7-3-17 200.00   181.499 ਓਸ਼ੋਜੀ 21/11/2017 1 200.00 Punjabi Bks B-669883
    Dewey Decimal Classification     Non-fiction Central Library Central Library 20/07/2015 BPPD/166/27-8-14/BL-100/12-9-14/8-10-14 250.00   181.499 ਓਸ਼ੋਜੀ 20/07/2015 1   Punjabi Bks B-577803
    Dewey Decimal Classification     Non-fiction D.B.Act.Division D.B.Act.Division 24/09/2014 DBAD 250.00   181.499 ਓਸ਼ੋਜੀ 24/09/2014 1 250.00 Punjabi Bks  
    Dewey Decimal Classification     Non-fiction Janak Puri Janak Puri 20/07/2015 BPPD/166/27-8-14/BL-100/12-9-14/8-10-14 250.00 1 181.499 ਓਸ਼ੋਜੀ 08/04/2016 1   Punjabi Bks B-577804
    Dewey Decimal Classification     Non-fiction Karol Bagh Karol Bagh 20/07/2015 BPPD/166/27-8-14/BL-100/12-9-14/8-10-14 250.00   181.499 ਓਸ਼ੋਜੀ 20/07/2015 1   Punjabi Bks B-577806
    Dewey Decimal Classification     Non-fiction R.K.Puram-8 R.K.Puram-8 20/07/2015 BPPD/166/27-8-14/BL-100/12-9-14/8-10-14 250.00   181.499 ਓਸ਼ੋਜੀ 20/07/2015 1   Punjabi Bks B-577805

© Delhi Public Library
Hit Counter
free hit counter